La Villa y corte de España : el ayuntamiento de Madrid por fuera y por dentro durante la etapa, como presidente del mismo, del Conde de Vallellano / Celsia Regis el ayuntamiento de Madrid por fuera y por dentro durante la etapa, como presidente del mismo, del Conde de Vallellano / Celsia Regis
Descripción Física:
212 p., [45] fulls de làm. : il. ; 28 cm
MARC
| LEADER | 00000nam a2200000Ia 4500 | ||
|---|---|---|---|
| 001 | 16286 | ||
| 008 | 160829s1927 xx 000 0 cat d | ||
| 080 | |a H-3-87 | ||
| 100 | |a Regis, Celsia |9 47048 | ||
| 245 | |a La Villa y corte de España : |b el ayuntamiento de Madrid por fuera y por dentro durante la etapa, como presidente del mismo, del Conde de Vallellano / Celsia Regis | ||
| 260 | |a Madrid : |b Escuela de Tipógrafas, |c 1927 | ||
| 300 | |a 212 p., [45] fulls de làm. : |b il. ; |c 28 cm | ||
| 590 | |a Prové de 4181, exp. 68 | ||
| 610 | 1 | 0 | |a Madrid (Madrid). |b Ayuntamiento |x Història |9 55432 |
| 901 | |a Arxiu | ||
| 942 | |n 1 | ||
| 952 | |0 0 |1 0 |4 0 |6 H387 |7 1 |9 53628 |a Arxiu |b Arxiu |d 2016-12-01 |l 0 |o H-3-87 |p 16286 |r 2016-12-01 00:00:00 |w 2016-12-01 |y ARXIU | ||
| 999 | |c 57494 |d 57494 | ||